Passionate modernity: (Record no. 54587)

MARC details
000 -LEADER
fixed length control field 01373naa a2200241 4500
005 - DATE AND TIME OF LATEST TRANSACTION
control field 20110801111244.0
010 ## - LCCN (DPL NO)
LC control number B-423760-762
020 ## - INTERNATIONAL STANDARD BOOK NUMBER
International Standard Book Number 9780415424158
Terms of availability 795.00
035 ## - SYSTEM CONTROL NUMBER
System control number B-423760-762
037 ## - SOURCE OF ACQUISITION
Source of stock number/acquisition Allied Publishers
082 ## - DEWEY DECIMAL CLASSIFICATION NUMBER
Classification number 306.7640954
100 1# - MAIN ENTRY--PERSONAL NAME
Personal name Srivastava, Sanjay
245 1# - TITLE STATEMENT
Statement of responsibility, etc by Sanjay Srivastava
Title Passionate modernity:
Remainder of title sexuality, class, and consumption in India /
260 ## - PUBLICATION, DISTRIBUTION, ETC. (IMPRINT)
Place of publication, distribution, etc New Delhi
Name of publisher, distributor, etc Routledge
Date of publication, distribution, etc 2007
270 ## - ADDRESS
Address 512 Mercantile House, 15 Kasturba Gandhi Marg,
City New Delhi
Postal code 110 001
300 ## - PHYSICAL DESCRIPTION
Extent viii, 397p.
Dimensions 24cm(Hb )
500 ## - GENERAL NOTE
General note Includes bibliographical references & index
942 ## - ADDED ENTRY ELEMENTS (KOHA)
Institution code [OBSOLETE] dpl
Item type English Books
Source of classification or shelving scheme Dewey Decimal Classification
Classification part 795.00
Call number suffix SRI
Holdings
Withdrawn status Lost status Not for loan Collection code Home library Current library Date acquired Source of acquisition Cost, normal purchase price Full call number Barcode Copy number Cost, replacement price Koha item type
      Non-fiction Central Library Central Library 11/08/2011 Allied Publishers/CR/0002704/17.3.11/75/4.3.11/17.3.11 795.00 795.00 SRI B-423760 1 795.00 English Books
  Written-off vide DLB M. No. 383 dt 16.05.19   Non-fiction Patel Nagar Patel Nagar 11/08/2011 Allied Publishers/CR/0002704/17.3.11/75/4.3.11/17.3.11 795.00 795.00 SRI B-423761 1 795.00 English Books
      Non-fiction Sarojini Nagar Sarojini Nagar 11/08/2011 Allied Publishers/CR/0002704/17.3.11/75/4.3.11/17.3.11 795.00 795.00 SRI B-423762 1 795.00 English Books

© Delhi Public Library
Hit Counter
free hit counter